Modernizácia a anómia. Je teória anómie aktuálna i v súčasnej slovenskej spoločnosti?

Súvisí vývoj a modernizácia spoločnosti s anómiou (bezzákonosťou) ? Ich vzájomný vzťah a vývoj. Negatívna stránky modernizácie a anómie. Modernizácia vo väzbe na globalizáciu bez následnej anómie.

Saved in:
Bibliographic Details
Main Author: Ondrejkovič, Peter
Format: Book Chapter
Language:Slovak
Subjects:
Tags: Add Tag
No Tags, Be the first to tag this record!

MARC

LEADER 00000naa a2200000 4500
001 r042874
005 20230929070335.8
041 0 |a slo 
044 |a SK 
245 1 0 |a Modernizácia a anómia. Je teória anómie aktuálna i v súčasnej slovenskej spoločnosti?  |c Peter Ondrejkovič 
520 |a Súvisí vývoj a modernizácia spoločnosti s anómiou (bezzákonosťou) ? Ich vzájomný vzťah a vývoj. Negatívna stránky modernizácie a anómie. Modernizácia vo väzbe na globalizáciu bez následnej anómie. 
610 2 0 |a analýza sociálna 
610 2 0 |a modernizácia 
610 2 0 |a globalizácia 
610 2 0 |a spoločnosť 
610 2 0 |a správanie sociálne 
610 2 0 |a Slovensko 
100 1 |a Ondrejkovič, Peter